| 000 | 00348nam a2200121Ia 4500 | ||
|---|---|---|---|
| 008 | 220217s9999||||xx |||||||||||||| ||und|| | ||
| 082 | _a621.382 4 CHA | ||
| 100 | _aChaterjee, Rajeswari | ||
| 245 | 0 | _aAntenna : theory and practice | |
| 260 |
_aNew age international private, Ltd. _bBangalore _c1997 |
||
| 300 | _b200 | ||
| 650 |
_aANTENNAS _9151 |
||
| 999 |
_c175327 _d175327 |
||